Journey through maldives / (Record no. 184853)

000 -LEADER
fixed length control field 02225 a2200277 4500
003 - CONTROL NUMBER IDENTIFIER
control field Nust
005 - DATE AND TIME OF LATEST TRANSACTION
control field 20251009162037.0
010 ## - LIBRARY OF CONGRESS CONTROL NUMBER
LC control number 2006373960
020 ## - INTERNATIONAL STANDARD BOOK NUMBER
International Standard Book Number 1554070643 (pbk.)
035 ## - SYSTEM CONTROL NUMBER
System control number (OCoLC)ocm57064795
040 ## - CATALOGING SOURCE
Transcribing agency Nust
082 04 - DEWEY DECIMAL CLASSIFICATION NUMBER
Classification number 910.202,AMI
100 1# - MAIN ENTRY--PERSONAL NAME
Personal name Muhammad Amin
9 (RLIN) 28428
245 10 - TITLE STATEMENT
Title Journey through maldives /
Statement of responsibility, etc. Muhammad Amin, Steve Watkins and Clare Jones.
260 ## - PUBLICATION, DISTRIBUTION, ETC.
Place of publication, distribution, etc. Richmond Hill, Ont. :
Name of publisher, distributor, etc. Firefly Books,
Date of publication, distribution, etc. 2005.
300 ## - PHYSICAL DESCRIPTION
Extent 256 p. :
Other physical details col. ill. ;
Dimensions 25 cm.
505 0# - FORMATTED CONTENTS NOTE
Formatted contents note Dog-sledding, Sweden -- Aboriginal dreaming, Australia -- Crossing the divide, Turkey -- Exploring rainforest and reef, Belize -- Ch㡴eaux and wine-tasting, France -- River-running, Zambia -- Flying safari, Namibia -- Tracking spirit bears, Canada -- Fly-fishing and whisky, Scotland -- Hiking through Arches, USA -- Tasting warrior life, Mongolia -- 'Lost world' river journey, Venezuela -- Himalayan adventure, Nepal -- Watching Aida, Italy -- Driving Californian surf, USA -- Swimming in thermal spas, Iceland -- Gambling and glitz, USA -- Riding elephants, Nepal -- Heli-hiking in the Rockies, Canada -- Felucca down the Nile, Egypt -- Climbing a volcano, Guatemala -- Trekking the Milford Track, New Zealand -- Camel trekking, Jordan -- Partying at Mardi Gras, USA -- Red Sea diving, Egypt -- Riding white horses, New Zealand -- Walking the wall, China -- Discovering wild flowers, Crete -- Finding paradise, the Maldives -- Souk shopping, Morocco -- Following wildebeest, Tanzania -- Palace on wheels, India -- Trekking Torres del Paine, Chile -- Sea-kayaking Baja, Mexico -- Rice-boat cruising, India -- Skiing the Vall⥥ Blanche, France -- Cycling among rice paddies, Vietnam -- Festival of the Sahara, Tunisia -- Discovering a medieval city, Estonia -- Searching for pearls, French Polynesia.
650 #0 - SUBJECT ADDED ENTRY--TOPICAL TERM
Topical term or geographic name entry element Travel
9 (RLIN) 121022
650 #0 - SUBJECT ADDED ENTRY--TOPICAL TERM
Topical term or geographic name entry element Voyages
9 (RLIN) 131077
650 #0 - SUBJECT ADDED ENTRY--TOPICAL TERM
Topical term or geographic name entry element Voyages
9 (RLIN) 131077
650 #0 - SUBJECT ADDED ENTRY--TOPICAL TERM
Topical term or geographic name entry element Voyages and travels
9 (RLIN) 46118
700 1# - ADDED ENTRY--PERSONAL NAME
Personal name Jones, Clare.
9 (RLIN) 131078
856 42 - ELECTRONIC LOCATION AND ACCESS
Materials specified Contributor biographical information
Uniform Resource Identifier <a href="http://www.loc.gov/catdir/enhancements/fy0645/2006373960-b.html">http://www.loc.gov/catdir/enhancements/fy0645/2006373960-b.html</a>
856 42 - ELECTRONIC LOCATION AND ACCESS
Materials specified Publisher description
Uniform Resource Identifier <a href="http://www.loc.gov/catdir/enhancements/fy0645/2006373960-d.html">http://www.loc.gov/catdir/enhancements/fy0645/2006373960-d.html</a>
942 ## - ADDED ENTRY ELEMENTS (KOHA)
Source of classification or shelving scheme
Koha item type Book
Holdings
Withdrawn status Lost status Source of classification or shelving scheme Damaged status Not for loan Permanent Location Current Location Shelving location Date acquired Full call number Barcode Date last seen Price effective from Koha item type Public note
          Military College of Signals (MCS) Military College of Signals (MCS) General Stacks 12/12/2016 910.202,AMI MCS33781 12/08/2016 12/12/2016 Book Almirah No.76, Shelf No.3
© 2023 Central Library, National University of Sciences and Technology. All Rights Reserved.